<?xml version="1.0" encoding="UTF-8"?><?xml-stylesheet type="text/xsl" href="static/style.xsl"?><OAI-PMH xmlns="http://www.openarchives.org/OAI/2.0/" xmlns:xsi="http://www.w3.org/2001/XMLSchema-instance" xsi:schemaLocation="http://www.openarchives.org/OAI/2.0/ http://www.openarchives.org/OAI/2.0/OAI-PMH.xsd"><responseDate>2026-04-17T05:49:10Z</responseDate><request verb="GetRecord" identifier="oai:www.recercat.cat:10230/48886" metadataPrefix="marc">https://recercat.cat/oai/request</request><GetRecord><record><header><identifier>oai:recercat.cat:10230/48886</identifier><datestamp>2025-12-23T20:53:26Z</datestamp><setSpec>com_2072_6</setSpec><setSpec>col_2072_452954</setSpec></header><metadata><record xmlns="http://www.loc.gov/MARC21/slim" xmlns:dcterms="http://purl.org/dc/terms/" xmlns:xsi="http://www.w3.org/2001/XMLSchema-instance" xmlns:doc="http://www.lyncode.com/xoai" xsi:schemaLocation="http://www.loc.gov/MARC21/slim http://www.loc.gov/standards/marcxml/schema/MARC21slim.xsd">
   <leader>00925njm 22002777a 4500</leader>
   <datafield ind2=" " ind1=" " tag="042">
      <subfield code="a">dc</subfield>
   </datafield>
   <datafield ind2=" " ind1=" " tag="720">
      <subfield code="a">Varas Paneque, Núria</subfield>
      <subfield code="e">author</subfield>
   </datafield>
   <datafield ind2=" " ind1=" " tag="260">
      <subfield code="c">2021-11-03T11:27:48Z</subfield>
   </datafield>
   <datafield ind2=" " ind1=" " tag="260">
      <subfield code="c">2021-11-03T11:27:48Z</subfield>
   </datafield>
   <datafield ind2=" " ind1=" " tag="260">
      <subfield code="c">2021-07</subfield>
   </datafield>
   <datafield ind2=" " ind1=" " tag="520">
      <subfield code="a">Tutores: Patricia Santos i Miriam Calvera</subfield>
   </datafield>
   <datafield ind2=" " ind1=" " tag="520">
      <subfield code="a">Citizen participation in science, known as citizen science, is emerging as support for&#xd;
formal science, so that citizens learn and contribute to the local policies that are carried&#xd;
out. This work aims to analyse and compare the current situation of citizen science in&#xd;
Barcelona, Spain and Europe through its web platforms, with special emphasis on its&#xd;
relation with education. The objective is that participants and other involved agents can&#xd;
learn about the current situation of this science at a local, national and international level.&#xd;
To do this, information will be extracted from the Barcelonian, Spanish and European&#xd;
citizen science platforms, analysing them through computational techniques that will&#xd;
permit to compare them, draw conclusions and indicators, showing the results in&#xd;
interactive dashboards.</subfield>
   </datafield>
   <datafield ind2=" " ind1=" " tag="520">
      <subfield code="a">La participación ciudadana en la ciencia, conocida como ciencia ciudadana, está&#xd;
emergiendo como apoyo a la ciencia formal, de forma que los ciudadanos aprenden y&#xd;
contribuyen en las políticas locales que se llevan a cabo. Este trabajo tiene como objetivo&#xd;
analizar y comparar la situación actual de la ciencia ciudadana en Barcelona, España y&#xd;
Europa a través de sus plataformas web, haciendo un especial énfasis en su relación con&#xd;
la educación. El objetivo es que participantes y otros agentes involucrados puedan&#xd;
conocer la situación actual de esta ciencia a nivel local, nacional e internacional. Para&#xd;
ello, se extraerá la información de las plataformas barcelonesa, española y europea de&#xd;
ciencia ciudadana, analizándolas mediante técnicas computacionales que permitirán&#xd;
compararlas, extraer conclusiones e indicadores, mostrando los resultados en dashboards&#xd;
interactivos.</subfield>
   </datafield>
   <datafield ind2=" " ind1=" " tag="520">
      <subfield code="a">La participació ciutadana a la ciència, coneguda com ciència ciutadana, està emergint&#xd;
com a recolzament a la ciència formal, de manera que els ciutadans aprenen i&#xd;
contribueixen a les polítiques socials que es duen a terme. Aquest treball té com a objectiu&#xd;
analitzar i comparar la situació actual de la ciència ciutadana a Barcelona, Espanya i&#xd;
Europa a través de les seves plataformes web, fent un especial èmfasi en la seva relació&#xd;
amb l’educació. L’objectiu és que participants i altres agents involucrats puguin conèixer&#xd;
la situació actual d’aquesta ciència a nivell local, nacional i internacional. Per aconseguir&#xd;
això, s’extraurà informació de les plataformes barcelonesa, espanyola i europea,&#xd;
analitzant-les mitjançant tècniques computacionals que permetran comparar-les, extreure&#xd;
conclusions i indicadors, mostrant els resultats a dashboards interactius.</subfield>
   </datafield>
   <datafield ind2="0" ind1="0" tag="245">
      <subfield code="a">Analysis and comparison of local, national and European citizen science platforms</subfield>
   </datafield>
</record></metadata></record></GetRecord></OAI-PMH>